000 00532nam a2200193 4500
003 OSt
005 20240613030823.0
006 a
008 240613b |||||||| |||| 00| 0 eng d
020 _a9781259071539
040 _aDWCL-HMN lib.
_cOC
082 _aCirc. 647.94 S615h 2012
100 _aSingh, Malini
245 _aHotel housekeeping /
260 _aNew Delhi :
_bTata McGraw-Hill Education Private Limited,
_cc2012.
300 _axi,
_b623 p. : ill. ;
_c23 cm.
700 _aMalini Singh
942 _2ddc
_n0
_cBK-CIRC
_kCirc.
999 _c608
_d608